Normal view
MARC view
Entry Personal Name
001 - CONTROL NUMBER
- control field: 13703
003 - CONTROL NUMBER IDENTIFIER
- control field: OSt
005 - DATE AND TIME OF LATEST TRANSACTION
- control field: 20200224103551.0
008 - FIXED-LENGTH DATA ELEMENTS
- fixed length control field: 200224|| aca||aabn | a|a d
040 ## - CATALOGING SOURCE
- Original cataloging agency: OSt
- Transcribing agency: OSt
100 ## - HEADING--PERSONAL NAME
- Personal name: Wood,Clare;Giles,David;Percy,Carol;
670 ## - SOURCE DATA FOUND
- Source citation: Work cat.: (OSt): Wood,Clare;Giles,David;Percy,Carol;, Your psychology Project Handbook., 2009.
